[Event "World Rapid 2019"]
[Site "Moscow RUS"]
[Date "2019.12.26"]
[Round "5.92"]
[White "Atabayev, Maksat"]
[Black "Studer, Noel"]
[Result "1-0"]
[WhiteTitle "GM"]
[BlackTitle "GM"]
[WhiteElo "2475"]
[BlackElo "2546"]
[WhiteFideId "14001101"]
[BlackFideId "1319620"]
[EventDate "2019.12.26"]
[EventType "rapid"]

1. Nf3 d5 2. g3 Nf6 3. c4 d4 4. Bg2 c5 5. O-O Nc6 6. e3 e6 7. exd4 cxd4 8. Re1
Bd6 9. d3 O-O 10. Bg5 h6 11. Bxf6 Qxf6 12. Nbd2 Qe7 13. a3 a5 14. Nb3 Qf6 15.
Nfd2 Bc7 16. Ne4 Qe7 17. f4 a4 18. Nbd2 Rd8 19. Nf2 Qf8 20. Rc1 Bd7 21. Nf3 Be8
22. Nh4 Bd7 23. Be4 Ra5 24. Rc2 Bd6 25. Qe2 Be7 26. Nf3 Be8 27. Nd2 Raa8 28. f5
Bd7 29. fxe6 Bxe6 30. Bd5 Bg5 31. Bxe6 Re8 32. Bxf7+ Qxf7 33. Nde4 Be3 34. Kg2
Ne5 35. Ng4 Nxg4 36. Qxg4 Rf8 37. Qe2 Qg6 38. Rf1 Rfe8 39. Qf3 Rf8 40. Qd1 Rfe8
41. h3 Qc6 42. Kh2 Rac8 43. b4 axb3 44. Rb2 Rc7 45. Qxb3 Kh7 46. Qb5 Qxb5 47.
Rxb5 Ra8 48. Rb3 b6 49. h4 Rca7 50. Ra1 Ra5 51. Kh3 R8a6 52. Nd6 Re5 53. Rf1 Re6
54. Nb5 Re7 55. Rbb1 Ra8 56. Rf3 Rd8 57. Rbf1 Rdd7 58. Rf5 Rd8 59. Rf8 Rxf8 60.
Rxf8 Bd2 61. Rf3 Rd7 62. h5 g6 63. g4 Kg7 64. a4 Bc3 65. Kg2 Bb4 66. Rf4 Bc5 67.
Re4 gxh5 68. gxh5 Kf6 69. Kh3 Kf5 70. Kg3 Rd8 71. Kf3 Rd7 72. Re8 Rf7 73. Re4
Rd7 74. Ke2 Rd8 75. Nc7 Rg8 76. Kf3 Rg1 77. Ne6 Rf1+ 78. Ke2 Ra1 79. Nxd4+ Kf6
80. Ne6 Rxa4 81. Nxc5 bxc5 82. Rg4 1-0

[Event "World Rapid 2019"]
[Site "Moscow RUS"]
[Date "2019.12.26"]
[Round "5.93"]
[White "Tran, Tuan Minh"]
[Black "Atabayev, Saparmyrat"]
[Result "1-0"]
[WhiteTitle "GM"]
[BlackTitle "IM"]
[WhiteElo "2529"]
[BlackElo "2425"]
[WhiteFideId "12401820"]
[BlackFideId "14000571"]
[EventDate "2019.12.26"]
[EventType "rapid"]

1. d4 Nf6 2. c4 e6 3. Nc3 Bb4 4. e3 b6 5. Ne2 Bb7 6. a3 Bxc3+ 7. Nxc3 O-O 8. Bd3
d5 9. O-O dxc4 10. Bxc4 Nbd7 11. b4 c5 12. Bb2 Rc8 13. dxc5 bxc5 14. b5 Ne5 15.
Be2 c4 16. Qc2 Qc7 17. h3 Ng6 18. Rfd1 Qc5 19. Rd4 Qg5 20. g3 e5 21. Rd6 Nh4 22.
e4 Ng6 23. Bc1 Nf4 24. Kh2 Rcd8 25. Rxd8 Rxd8 26. Be3 Qh6 27. gxf4 exf4 28. Rd1
Re8 29. Bc1 Bc8 30. Bf1 Ng4+ 31. Kg1 Ne5 32. Bg2 Bxh3 33. Bxf4 Nf3+ 34. Bxf3
Qxf4 35. Bg2 Qg5 36. f4 Qg4 37. Rf1 Re6 38. Qe2 Qh4 39. Qf2 Qh6 40. f5 Re8 41.
Nd5 Qg5 42. Qf3 Bxg2 43. Qxg2 Qh4 44. Rf4 Qe1+ 45. Rf1 Qh4 46. Rf4 Qe1+ 47. Kh2
Kh8 48. Qg3 Qe2+ 49. Kh3 Qd1 50. Qf3 Qd2 51. Rg4 Qh6+ 52. Kg3 Qd6+ 53. Kg2 Qh6
54. f6 g6 55. Qf4 Qf8 56. Rh4 Qxa3 57. Qh6 Qb2+ 58. Kf3 Qc3+ 59. Nxc3 1-0

[Event "World Rapid 2019"]
[Site "Moscow RUS"]
[Date "2019.12.26"]
[Round "5.94"]
[White "Mikhailovsky, Vladimir"]
[Black "Zarnicki, Pablo"]
[Result "0-1"]
[WhiteTitle "CM"]
[BlackTitle "GM"]
[WhiteElo "2209"]
[BlackElo "2514"]
[WhiteFideId "34105414"]
[BlackFideId "100137"]
[EventDate "2019.12.26"]
[EventType "rapid"]

1. Nf3 Nf6 2. b3 c5 3. Bb2 Nc6 4. e3 e6 5. d4 cxd4 6. exd4 d5 7. Be2 Bb4+ 8. c3
Bd6 9. O-O O-O 10. c4 b6 11. Nc3 Bb7 12. Rc1 Rc8 13. Re1 Bf4 14. Rb1 dxc4 15.
bxc4 Na5 16. Ba3 Bxf3 17. Bxf3 Bd6 18. Bxd6 Qxd6 19. Nb5 Qe7 20. c5 bxc5 21. Qa4
a6 22. Qxa5 axb5 23. dxc5 Qxc5 24. Qxb5 Qa7 25. a4 Rc2 26. Rf1 h6 27. a5 Rc5 28.
Qb2 Rxa5 29. Ra1 Rd8 30. h3 Qc7 31. Rxa5 Qxa5 32. Ra1 Qc7 33. Rc1 Qe7 34. Qe5
Qd6 35. Qa5 Qd2 36. Qa1 Qf4 37. Qc3 g6 38. Qc5 Kg7 39. Qc3 Rd2 40. g3 Qd6 41.
Kg2 Rd3 42. Qc5 Qd7 43. Qc6 Qa7 44. Qc5 Qa4 45. Rc4 Qb3 46. Be2 Rd2 47. Bf3 Qb2
48. Ra4 Nd7 49. Qe3 Ne5 50. Ra8 Nd3 51. Be4 Rxf2+ 0-1

[Event "World Rapid 2019"]
[Site "Moscow RUS"]
[Date "2019.12.26"]
[Round "5.95"]
[White "Faizrakhmanov, Ramil"]
[Black "Lam, Daniel King Wai"]
[Result "1-0"]
[WhiteTitle "IM"]
[BlackTitle "FM"]
[WhiteElo "2434"]
[BlackElo "2110"]
[WhiteFideId "24103209"]
[BlackFideId "6001238"]
[EventDate "2019.12.26"]
[EventType "rapid"]

1. d4 e6 2. c4 b6 3. Nf3 Bb7 4. g3 f5 5. Bg2 Nf6 6. O-O Be7 7. d5 exd5 8. Nd4 g6
9. Nc3 O-O 10. cxd5 Bd6 11. Ndb5 Be5 12. f4 Bxc3 13. Nxc3 d6 14. b3 Nbd7 15. Bb2
Qe7 16. Qd4 Nc5 17. Rac1 Rae8 18. b4 Nce4 19. Bxe4 fxe4 20. Nb5 Bxd5 21. Nxc7
Bxa2 22. Nxe8 Qxe8 23. Rc7 Qe6 24. f5 gxf5 25. Qe3 Rf7 26. Qg5+ Kf8 27. Rxf7+ 1-0

[Event "World Rapid 2019"]
[Site "Moscow RUS"]
[Date "2019.12.26"]
[Round "5.96"]
[White "Afanasiev, Nikita"]
[Black "Usov, Aleksandr E."]
[Result "1-0"]
[WhiteTitle "IM"]
[WhiteElo "2517"]
[BlackElo "2012"]
[WhiteFideId "24183555"]
[BlackFideId "24257109"]
[EventDate "2019.12.26"]
[EventType "rapid"]

1. e4 c6 2. d4 d5 3. e5 Bf5 4. h4 h6 5. g4 Bd7 6. c4 e6 7. Nc3 Ne7 8. h5 Qc7 9.
f4 dxc4 10. Bxc4 Nd5 11. Nf3 Be7 12. Bd2 a5 13. Ne4 a4 14. a3 b5 15. Ba2 Na6 16.
Rc1 O-O-O 17. Kf2 Kb7 18. Qe1 Rdf8 19. f5 Qb8 20. Bxd5 cxd5 21. f6 gxf6 22. Nxf6
Bxf6 23. exf6 Qd8 24. g5 Rfg8 25. Qe5 hxg5 26. Bxg5 Qb8 27. Bf4 Qxe5 28. Nxe5
Be8 29. h6 Rh7 30. Rcg1 Rgh8 31. Rg7 Nb8 32. Ng6 1-0

[Event "World Rapid 2019"]
[Site "Moscow RUS"]
[Date "2019.12.26"]
[Round "5.97"]
[White "Miranda Neto, Jayme Amorim"]
[Black "Ismagambetov, Anuar"]
[Result "0-1"]
[WhiteTitle "CM"]
[BlackTitle "GM"]
[WhiteElo "2102"]
[BlackElo "2528"]
[WhiteFideId "2115964"]
[BlackFideId "13701525"]
[EventDate "2019.12.26"]
[EventType "rapid"]

1. d4 Nf6 2. Nf3 g6 3. g3 Bg7 4. Bg2 O-O 5. O-O d6 6. c3 c6 7. Nbd2 Qa5 8. Qc2
Qh5 9. Ne4 Bg4 10. Nxf6+ Bxf6 11. Qb3 b6 12. Bf4 Nd7 13. a4 Rac8 14. Qa3 Rfe8
15. Rfe1 c5 16. dxc5 bxc5 17. Kh1 e5 18. Be3 d5 19. Ng1 d4 20. Bd2 Be7 21. c4
Bd6 22. f3 Be6 23. b3 e4 24. f4 Nf6 25. e3 Ng4 26. h4 g5 0-1

[Event "World Rapid 2019"]
[Site "Moscow RUS"]
[Date "2019.12.26"]
[Round "5.98"]
[White "Thing, Bibek"]
[Black "Abdusattorov, Nodirbek"]
[Result "0-1"]
[WhiteTitle "CM"]
[BlackTitle "GM"]
[WhiteElo "2222"]
[BlackElo "2635"]
[WhiteFideId "12303135"]
[BlackFideId "14204118"]
[EventDate "2019.12.26"]
[EventType "rapid"]

1. e4 c5 2. Nf3 d6 3. Bb5+ Nd7 4. O-O Nf6 5. Qe2 a6 6. Bxd7+ Nxd7 7. c3 g6 8. d4
Bg7 9. Bg5 O-O 10. h3 h6 11. Bh4 Nf6 12. Rd1 cxd4 13. cxd4 Nh5 14. Ne1 f5 15.
exf5 Bxf5 16. Bxe7 Re8 17. Qxh5 Qxe7 18. Qf3 Qe2 19. Qb3+ Be6 20. Qc2 Qh5 21.
Nc3 Rac8 22. Qd3 b5 23. a3 Bb3 24. Rd2 Bc4 25. Qg3 Re6 26. Nc2 Bf6 27. Ne3 Bh4
28. Qg4 Qxg4 29. hxg4 Bg5 30. Nxc4 bxc4 31. Rdd1 Rb8 32. Rab1 Re7 33. Nd5 Re2
34. f4 Bh4 35. Rdc1 Bg3 36. Rc3 Rbxb2 37. Rxb2 Re1# 0-1

[Event "World Rapid 2019"]
[Site "Moscow RUS"]
[Date "2019.12.26"]
[Round "5.99"]
[White "Makoveev, Ilya"]
[Black "Mamatov, Melis"]
[Result "1-0"]
[WhiteTitle "FM"]
[WhiteElo "2277"]
[BlackElo "2292"]
[WhiteFideId "34155748"]
[BlackFideId "13800027"]
[EventDate "2019.12.26"]
[EventType "rapid"]

1. e4 e5 2. Nf3 d6 3. d4 Nd7 4. Bc4 Be7 5. dxe5 Nxe5 6. Nxe5 dxe5 7. Qh5 g6 8.
Qxe5 Nf6 9. Bh6 Qd6 10. Qxd6 cxd6 11. Nc3 Be6 12. Bb5+ Kd8 13. O-O-O Kc7 14. Bf4
Rhd8 15. Rd2 a6 16. Ba4 Nd7 17. Bb3 Nc5 18. Nd5+ Bxd5 19. Bxd5 Ne6 20. Be3 Bg5
21. Re1 Bxe3 22. Rxe3 Rd7 23. Rh3 Rh8 24. Rc3+ Kb8 25. e5 Nc7 26. exd6 Nb5 27.
Rcd3 Rhd8 28. f3 f6 29. c4 Na7 30. Be6 Rg7 31. c5 Nc6 32. a3 a5 33. f4 g5 34. f5
h5 35. Rb3 Ka7 36. Rb5 Ka6 37. Rb6+ Ka7 38. b4 g4 39. Bd5 Ne5 40. Rb5 a4 41.
Ra5+ Kb8 42. Rxa4 h4 43. b5 Rc8 44. c6 bxc6 45. bxc6 Nxc6 46. Rb2+ Rb7 47. Rxb7+
Kxb7 48. Rc4 Kb6 49. d7 1-0

[Event "World Rapid 2019"]
[Site "Moscow RUS"]
[Date "2019.12.26"]
[Round "5.100"]
[White "Krsnik Cohar, Ivan Vihor"]
[Black "Al Nhier, Hamoud"]
[Result "1-0"]
[WhiteTitle "FM"]
[BlackTitle "FM"]
[WhiteElo "2313"]
[BlackElo "1934"]
[WhiteFideId "14520044"]
[BlackFideId "21500045"]
[EventDate "2019.12.26"]
[EventType "rapid"]

1. d4 Nf6 2. Bg5 c5 3. e3 cxd4 4. exd4 d5 5. c3 Ne4 6. Bf4 e6 7. Nd2 Bd6 8. Bxd6
Nxd6 9. Bd3 Nc6 10. Ngf3 O-O 11. O-O Ne8 12. Qe2 Nf6 13. Rae1 Ne7 14. Ne5 Ng6
15. f4 a6 16. Qf2 b5 17. Nb3 Ne4 18. Bxe4 dxe4 19. Rxe4 Bb7 20. Re3 Bd5 21. Nc5
a5 22. a3 b4 23. axb4 axb4 24. cxb4 Qh4 25. Nxg6 Qxf2+ 26. Kxf2 hxg6 27. Ra3
Rfd8 28. Ke3 Rab8 29. Na6 Rb6 30. Rc1 Bxg2 31. Ra4 Ra8 32. Rca1 Bb7 33. Nc5 Rxa4
34. Rxa4 Bd5 35. Kd2 Kh7 36. Kc3 g5 37. fxg5 Kg6 38. Ra7 f6 39. h4 Rb8 40. gxf6
gxf6 41. Re7 Rb6 42. Nd7 Rc6+ 43. Kd3 Rc4 44. h5+ Kg5 45. Rg7+ Kxh5 46. Nxf6+
Kh6 47. Nxd5 exd5 48. Rb7 Kg6 49. b3 Rc1 50. Rd7 Rd1+ 51. Kc3 1-0

[Event "World Rapid 2019"]
[Site "Moscow RUS"]
[Date "2019.12.26"]
[Round "5.101"]
[White "Al Ghamdi, Ahmed M"]
[Black "Masrahi, Abdulrahman A"]
[Result "1/2-1/2"]
[WhiteTitle "CM"]
[BlackTitle "CM"]
[WhiteElo "2107"]
[BlackElo "1956"]
[WhiteFideId "21500150"]
[BlackFideId "21501564"]
[EventDate "2019.12.26"]
[EventType "rapid"]

1. e4 e5 2. Nf3 Nc6 3. Bc4 Bc5 4. O-O Nf6 5. d3 d6 6. c3 a6 7. Be3 Bxe3 8. fxe3
Be6 9. Bxe6 fxe6 10. Nbd2 O-O 11. Qb3 Qd7 12. a4 Rab8 13. a5 d5 14. exd5 exd5
15. Ne4 Nxe4 16. dxe4 Rfd8 17. Rfd1 Qd6 18. Rxd5 Qe6 19. Rxd8+ Nxd8 20. Qxe6+
Nxe6 21. Nxe5 Ng5 22. Nd7 Rd8 23. Nc5 Rb8 24. Nd7 Rd8 25. Nc5 Rb8 1/2-1/2

[Event "World Rapid 2019"]
[Site "Moscow RUS"]
[Date "2019.12.27"]
[Round "6.6"]
[White "Zubov, Alexander"]
[Black "Le, Quang Liem"]
[Result "1/2-1/2"]
[WhiteTitle "GM"]
[BlackTitle "GM"]
[WhiteElo "2601"]
[BlackElo "2713"]
[WhiteFideId "14109409"]
[BlackFideId "12401137"]
[EventDate "2019.12.26"]

1. e4 c5 2. Nf3 Nc6 3. Nc3 e5 4. Bc4 Be7 5. d3 d6 6. Nd2 Nf6 7. Nf1 Bg4 8. f3
Be6 9. Ne3 O-O 10. a3 Nd7 11. O-O Bg5 12. Ned5 Nb6 13. Bxg5 Qxg5 14. Nxb6 axb6
15. Qc1 Qd8 16. f4 Bxc4 17. dxc4 f5 18. fxe5 fxe4 19. Qe3 Re8 20. Qxe4 Rxe5 21.
Qg4 Nd4 22. Rf2 h5 23. Qg6 Qe8 24. Qxd6 Nxc2 25. Rc1 Ne3 26. Qxb6 Qd7 27. Nd5
Nxc4 28. Qb3 Rxd5 29. Qxc4 b5 30. Qf4 Re8 31. h3 c4 32. Rcf1 Kh7 33. a4 Rd4 34.
Qf3 Re5 35. axb5 Rxb5 36. Kh1 1/2-1/2

[Event "World Rapid 2019"]
[Site "Moscow RUS"]
[Date "2019.12.27"]
[Round "6.10"]
[White "Melkumyan, Hrant"]
[Black "Fedoseev, Vladimir3"]
[Result "1-0"]
[WhiteTitle "GM"]
[BlackTitle "GM"]
[WhiteElo "2668"]
[BlackElo "2677"]
[WhiteFideId "13302485"]
[BlackFideId "24130737"]
[EventDate "2019.12.26"]

1. d4 Nf6 2. c4 e6 3. Nf3 d5 4. Nc3 Bb4 5. Bg5 Nbd7 6. cxd5 exd5 7. Qc2 c6 8. e3
h6 9. Bh4 g5 10. Bg3 Ne4 11. Bd3 Qe7 12. Bxe4 dxe4 13. Nd2 f5 14. a3 Bxc3 15.
Qxc3 O-O 16. h4 f4 17. exf4 g4 18. Nc4 Nf6 19. f5 Nd5 20. Qd2 Qh7 21. Ne3 Nxe3
22. Qxe3 Bxf5 23. O-O Be6 24. b4 Bd5 25. Rfc1 Rf7 26. b5 cxb5 27. Rc5 Bc4 28.
Re5 Re7 29. Rxe7 Qxe7 30. Qxh6 Qg7 31. Qh5 Rd8 32. Re1 Bd5 33. Be5 Bf7 34. Qf5
Qg6 35. Qf4 Bd5 36. Rc1 Rf8 37. Qe3 b6 38. Rc7 Rf7 39. Rc8+ Rf8 40. Rxf8+ Kxf8
41. Bg3 Qf6 42. h5 Kf7 43. Be5 Qf5 44. Qc1 Bc4 45. Qh6 e3 46. fxe3 a5 47. Qg7+
Ke6 48. h6 Bd3 49. Qg8+ Ke7 50. Qg7+ Ke6 51. Qc7 Qf1+ 52. Kh2 Qf2 53. Qc6+ Ke7
54. Qc7+ Ke6 55. Qxb6+ Kd5 56. Qd6+ Kc4 57. Qe6+ Kc3 58. Qxg4 Qxe3 59. Qh5 Qe4
60. d5+ Kb3 61. d6 Qd5 62. Qg5 Qf7 63. Bg3 b4 64. axb4 axb4 65. Qe7 Qh5+ 66. Kg1
Qc5+ 67. Kh2 Qh5+ 68. Qh4 Qf7 69. Be1 Kc2 70. Qf2+ Qxf2 71. Bxf2 b3 72. Bd4 1-0

[Event "World Rapid 2019"]
[Site "Moscow RUS"]
[Date "2019.12.27"]
[Round "6.11"]
[White "Vallejo Pons, Francisco"]
[Black "Andreikin, Dmitry"]
[Result "1/2-1/2"]
[WhiteTitle "GM"]
[BlackTitle "GM"]
[WhiteElo "2704"]
[BlackElo "2724"]
[WhiteFideId "2205530"]
[BlackFideId "4158814"]
[EventDate "2019.12.26"]

1. e4 e5 2. Nf3 Nc6 3. Bb5 Nf6 4. O-O Nxe4 5. Re1 Nd6 6. Nxe5 Be7 7. Bf1 Nf5 8.
Nf3 O-O 9. d4 d5 10. c3 Re8 11. Bd3 Bd6 12. Rxe8+ Qxe8 13. Nbd2 Bd7 14. Nf1 f6
15. Qb3 Nce7 16. Bd2 a5 17. Qc2 1/2-1/2

[Event "World Rapid 2019"]
[Site "Moscow RUS"]
[Date "2019.12.27"]
[Round "6.12"]
[White "Giri, Anish"]
[Black "Amin, Bassem"]
[Result "1/2-1/2"]
[WhiteTitle "GM"]
[BlackTitle "GM"]
[WhiteElo "2769"]
[BlackElo "2683"]
[WhiteFideId "24116068"]
[BlackFideId "10601457"]
[EventDate "2019.12.26"]

1. e4 e5 2. Nf3 Nc6 3. Bb5 a6 4. Ba4 Nf6 5. O-O Be7 6. Re1 b5 7. Bb3 d6 8. c3
O-O 9. h3 Nb8 10. d4 Nbd7 11. Nbd2 Bb7 12. Bc2 Re8 13. Nf1 Bf8 14. Ng3 g6 15. a4
Nb6 16. a5 Nbd7 17. d5 c6 18. dxc6 Bxc6 19. b4 Qc7 20. Bb3 Qb7 21. Ng5 d5 22.
Ra2 h6 23. Nxf7 Kxf7 24. Rd2 Qc8 25. exd5 Bb7 26. Rd3 Kg7 27. h4 h5 28. Bg5 Bd6
29. Rde3 Qc7 30. Qd3 Nh7 31. Bc2 Ndf8 32. Qd1 Kh8 33. Nxh5 Nxg5 34. hxg5 gxh5
35. Qxh5+ Kg8 36. Rf3 Qg7 37. Rf6 Be7 38. Re3 Bxd5 39. Rg3 Red8 40. Rh6 Rd6 41.
g6 Be6 42. Rh7 Bf6 43. Rxg7+ Bxg7 44. Rf3 Ra7 45. Be4 Rad7 46. Kh2 Bc4 47. Qg5
Ne6 48. Qh4 Nf8 49. Qg5 Ne6 50. Qh5 Nf8 51. Bf5 Re7 52. Re3 Rf6 53. Qg5 Ne6 54.
Qg4 Nf8 55. Qg5 Ne6 56. Qh5 Nf8 57. Kg1 Rd6 58. Qg5 Bf6 59. Qg4 Bg7 60. Rh3 Be6
61. Rf3 Bxf5 62. Rxf5 Ree6 63. g3 Rxg6 64. Qe4 Rge6 65. Kg2 Rd8 66. Qb7 Bf6 67.
Qc7 Rd7 68. Qc8 Rde7 69. c4 bxc4 70. Qxc4 Kg7 71. b5 axb5 72. Qxb5 Ng6 73. Rf3
e4 74. Ra3 Bd4 75. Qc4 Ba7 76. a6 Rf6 77. Ra2 Ref7 78. Qxe4 Bxf2 79. Rb2 Ba7 80.
Rb7 Rf2+ 81. Kh3 Rf6 82. Qd5 Bf2 83. Qb3 Ba7 84. Qc3 Bf2 85. Kg4 Nf8 86. Kh3 Kg6
87. Qc2+ Kg7 88. Qb2 Kg6 89. Qb1+ Kg7 90. Qa1 Ba7 91. Qe5 Kg6 92. Kg4 Nh7 93.
Qe4+ Kg7 94. Qe5 Kg6 95. Kh4 Bf2 96. Qh5+ Kg7 97. Qg4+ Kh6 98. Qh5+ Kg7 99. Qe5
Kg6 100. Rb4 Rf5 101. Qe6+ R7f6 102. Qe2 Rf4+ 103. Rxf4 Rxf4+ 104. Kh3 Rf7 105.
Qc2+ Kg7 106. Qb2+ Kg8 107. Qb8+ Nf8 108. g4 Ba7 109. Qd6 Rh7+ 110. Kg3 Rd7 111.
Qe5 Bd4 112. Qe4 Kg7 113. g5 Ba7 114. Qe5+ Kg8 115. Kg4 Rf7 116. Qd5 Kg7 117.
Qe5+ Kg8 118. Qd6 Rd7 119. Qc6 Re7 120. Qc4+ Kg7 121. Qc3+ Kg8 122. Kf5 Rf7+
123. Ke4 Re7+ 124. Kd5 Rg7 125. Qe5 Rg6 126. Qe2 Rxg5+ 127. Kc6 Rg7 128. Qc4+
Kh7 129. Qh4+ Kg6 130. Qg4+ Kf7 131. Qxg7+ 1/2-1/2

[Event "World Rapid 2019"]
[Site "Moscow RUS"]
[Date "2019.12.27"]
[Round "6.13"]
[White "Nepomniachtchi, Ian"]
[Black "Postny, Evgeny"]
[Result "1-0"]
[WhiteTitle "GM"]
[BlackTitle "GM"]
[WhiteElo "2767"]
[BlackElo "2605"]
[WhiteFideId "4168119"]
[BlackFideId "2804344"]
[EventDate "2019.12.26"]

1. c4 Nf6 2. Nc3 e5 3. Nf3 Nc6 4. e4 d6 5. d4 Bg4 6. d5 Nd4 7. Be3 Nxf3+ 8. gxf3
Bd7 9. Qb3 b6 10. h4 g6 11. Bh3 Bg7 12. Bxd7+ Qxd7 13. Qb5 Qxb5 14. cxb5 Kd7 15.
Rc1 Nh5 16. Rc2 f5 17. a4 Rhf8 18. b3 fxe4 19. fxe4 Nf4 20. Kd2 Ng2 21. h5 Nxe3
22. fxe3 g5 23. Ne2 Rf3 24. Rg1 Bf6 25. Kd3 Rg8 26. Ng3 Bd8 27. Rh2 Rf6 28. Nf5
h6 29. Ke2 Rgf8 30. Kf3 R8f7 31. Kg4 Rh7 32. Rf2 Rhf7 33. Rgf1 Rf8 34. Rf3 R8f7
35. Nxh6 1-0

[Event "World Rapid 2019"]
[Site "Moscow RUS"]
[Date "2019.12.27"]
[Round "6.14"]
[White "Svidler, Peter"]
[Black "Bartel, Mateusz"]
[Result "1/2-1/2"]
[WhiteTitle "GM"]
[BlackTitle "GM"]
[WhiteElo "2723"]
[BlackElo "2634"]
[WhiteFideId "4102142"]
[BlackFideId "1112635"]
[EventDate "2019.12.26"]

1. e4 e6 2. d4 d5 3. Nc3 Nf6 4. e5 Nfd7 5. f4 c5 6. Nf3 Nc6 7. Be3 cxd4 8. Nxd4
Bc5 9. Qd2 O-O 10. O-O-O a6 11. Qf2 Nxd4 12. Bxd4 Bxd4 13. Qxd4 b5 14. Bd3 Rb8
15. a3 Qa5 16. b4 Qxa3+ 17. Kd2 a5 18. Rb1 axb4 19. Nxb5 Qa5 20. Qxb4 Qd8 21.
Qd4 f6 22. exf6 Nxf6 23. Nc3 Rxb1 24. Rxb1 Qc7 25. g3 Bd7 26. Qb6 Qc8 27. Qd6
Rd8 28. Qe5 Qc5 29. Ne2 Qf2 30. Rb8 Rxb8 31. Qxb8+ Kf7 32. h4 Ng4 33. Qd8 Qe3+
34. Ke1 Nf6 35. g4 Qa7 36. g5 Ne4 37. Nd4 Qxd4 38. Qxd7+ Kf8 39. Qd8+ Kf7 40.
Qd7+ Kf8 1/2-1/2

[Event "World Rapid 2019"]
[Site "Moscow RUS"]
[Date "2019.12.27"]
[Round "6.15"]
[White "Vitiugov, Nikita"]
[Black "Sargissian, Gabriel"]
[Result "1/2-1/2"]
[WhiteTitle "GM"]
[BlackTitle "GM"]
[WhiteElo "2747"]
[BlackElo "2689"]
[WhiteFideId "4152956"]
[BlackFideId "13300881"]
[EventDate "2019.12.26"]

1. c4 Nf6 2. Nc3 e5 3. Nf3 Nc6 4. d3 Bc5 5. Nxe5 Nxe5 6. d4 Qe7 7. dxc5 Qxc5 8.
b3 O-O 9. e3 b6 10. Be2 Bb7 11. O-O Rfe8 12. Qd4 d6 13. Nb5 Re7 14. Ba3 Qxd4 15.
Nxd4 Ne4 16. Bb2 f6 17. Rfd1 a5 18. f3 Nc5 19. e4 Nc6 20. Nf5 Rf7 21. Bc3 Ne7
22. Ne3 f5 23. exf5 Nxf5 24. Nd5 Re8 25. Bf1 Bxd5 26. cxd5 Ne3 27. Re1 Ree7 28.
Bd4 Nc2 29. Rxe7 Rxe7 30. Rd1 Nxd4 31. Rxd4 Re1 32. Kf2 Ra1 33. Rd2 Kf7 34. Bb5
Kf6 35. g3 g5 36. Kg2 Re1 37. Kf2 Ra1 38. Kg2 Re1 39. Kf2 1/2-1/2

[Event "World Rapid 2019"]
[Site "Moscow RUS"]
[Date "2019.12.27"]
[Round "6.17"]
[White "Riazantsev, Alexander"]
[Black "Safarli, Eltaj"]
[Result "1-0"]
[WhiteTitle "GM"]
[BlackTitle "GM"]
[WhiteElo "2639"]
[BlackElo "2601"]
[WhiteFideId "4125029"]
[BlackFideId "13402129"]
[EventDate "2019.12.26"]

1. d4 Nf6 2. c4 e6 3. Nf3 d5 4. Nc3 Be7 5. Bg5 h6 6. Bh4 O-O 7. Qc2 b6 8. e4
dxe4 9. Bxf6 exf3 10. Bxe7 Qxe7 11. Qe4 fxg2 12. Qxg2 c6 13. Rg1 f5 14. O-O-O
Bb7 15. f4 Na6 16. Be2 c5 17. d5 exd5 18. cxd5 Qf6 19. Rd3 Rf7 20. Rg3 Nb4 21.
a3 Rd8 22. axb4 cxb4 23. Rg6 Qd4 24. Nb5 Qxf4+ 25. Kb1 Rdd7 26. Nd6 Rfe7 27. Bb5
Rc7 28. Ne8 Kf8 1-0

[Event "World Rapid 2019"]
[Site "Moscow RUS"]
[Date "2019.12.27"]
[Round "6.18"]
[White "Grachev, Boris"]
[Black "Jobava, Baadur"]
[Result "1-0"]
[WhiteTitle "GM"]
[BlackTitle "GM"]
[WhiteElo "2614"]
[BlackElo "2604"]
[WhiteFideId "4129199"]
[BlackFideId "13601520"]
[EventDate "2019.12.26"]

1. Nf3 d5 2. d4 c6 3. Bf4 Nf6 4. e3 Bg4 5. c4 Nbd7 6. Nc3 e6 7. Qb3 Bxf3 8. gxf3
Nh5 9. Bg3 Nxg3 10. hxg3 Rb8 11. f4 g6 12. cxd5 exd5 13. Bd3 Bg7 14. f5 O-O 15.
fxg6 hxg6 16. Kf1 Nf6 17. Kg2 b6 18. Qd1 c5 19. Qf3 Re8 20. Rh4 c4 21. Bc2 b5
22. Rah1 Qd6 23. g4 b4 24. Ne2 Ne4 25. Bxe4 dxe4 26. Qh3 Qf6 27. g5 Qxg5+ 28.
Kf1 Kf8 29. Qd7 Red8 30. Qxa7 Ra8 31. Qb6 Rxa2 32. Qxb4+ Kg8 33. Ng3 Ra1+ 34.
Kg2 Rxh1 35. Rxh1 Qg4 36. Rc1 Qf3+ 37. Kg1 Bh6 38. Qe7 Rxd4 39. exd4 Bxc1 40.
Nxe4 Bxb2 41. Nf6+ Kg7 42. Ne8+ Kh7 43. Qh4+ Kg8 44. Nf6+ Kg7 45. Ne8+ Kg8 46.
Nf6+ Kf8 47. Qh8+ Ke7 48. Qe8+ Kd6 49. Qd7# 1-0

[Event "World Rapid 2019"]
[Site "Moscow RUS"]
[Date "2019.12.27"]
[Round "6.19"]
[White "Petrov, Nikita"]
[Black "Ponkratov, Pavel"]
[Result "1-0"]
[WhiteTitle "GM"]
[BlackTitle "GM"]
[WhiteElo "2585"]
[BlackElo "2632"]
[WhiteFideId "4101286"]
[BlackFideId "4157800"]
[EventDate "2019.12.26"]

1. d4 Nf6 2. c4 e6 3. Nc3 Bb4 4. e3 b6 5. Ne2 Bb7 6. a3 Bd6 7. f3 Be7 8. e4 d5
9. cxd5 exd5 10. e5 Nfd7 11. f4 c5 12. g3 Nc6 13. Be3 cxd4 14. Nxd4 Nxd4 15.
Bxd4 O-O 16. Bg2 f6 17. e6 Nc5 18. f5 Ba6 19. Bf1 Bc4 20. Bxc4 dxc4 21. Bxc5
Bxc5 22. Qd5 Qe7 23. Rd1 Rfd8 24. Qe4 Rxd1+ 25. Kxd1 Rd8+ 26. Kc2 Rd4 27. Qa8+
Rd8 28. Qc6 Rd6 29. Qa8+ Rd8 30. Qg2 g6 31. g4 Qc7 32. Rd1 Rxd1 33. Kxd1 Kg7 34.
g5 Qd6+ 35. Nd5 Bd4 36. Qe4 Be5 37. e7 gxf5 38. gxf6+ Kf7 39. Qf3 Bxf6 40. Qh5+
Kg7 41. e8=N+ 1-0

[Event "World Rapid 2019"]
[Site "Moscow RUS"]
[Date "2019.12.27"]
[Round "6.20"]
[White "Rakhmanov, Aleksandr"]
[Black "Tregubov, Pavel V."]
[Result "1-0"]
[WhiteTitle "GM"]
[BlackTitle "GM"]
[WhiteElo "2645"]
[BlackElo "2588"]
[WhiteFideId "4173708"]
[BlackFideId "4115341"]
[EventDate "2019.12.26"]

1. d4 Nf6 2. Nf3 e6 3. e3 d5 4. Bd3 b6 5. O-O Bb7 6. b3 Bd6 7. Bb2 O-O 8. Nbd2
Ne4 9. c4 Nd7 10. Qc2 f5 11. cxd5 exd5 12. Ne5 Qe7 13. f4 c5 14. Nxd7 Qxd7 15.
Nf3 Rac8 16. Qe2 Qe6 17. Rac1 Rc7 18. dxc5 bxc5 19. Be5 Bxe5 20. Nxe5 Rfc8 21.
Rfd1 Nd6 22. Ba6 Nf7 23. Bxb7 Rxb7 24. Nf3 Re7 25. Qd2 h6 26. Rc3 c4 27. h3 Rd8
28. Kh2 Qa6 29. Qc2 cxb3 30. axb3 Qf6 31. Nd4 Re4 32. Rdd3 Rde8 33. Rc6 Qh4 34.
Nxf5 Qe1 35. Qb2 d4 36. Rxd4 Rxe3 37. Rd8 1-0